000 00485cam a22002051 4500
001 sa 66001382
003 DLC
005 20260227112221.0
008 881028s1965 xx 000 0 hino
010 _asa 66001382
035 _a(OCoLC)23557075
040 _aDLC
_cMiU
_dDLC
042 _apremarc
050 0 0 _aPK1718.M47
_bE7
100 1 _aMitra, Bimal,
_d1912-1991.
245 1 0 _aEra nāma saṃsāra.
260 _c[1965]
300 _a334 p.
_c23 cm.
500 _aRomanized.
999 _c67763
_d67763